Département Ardèche - Statistiques

Statistiques générales
  • Ce quiz a été pris 135 fois
  • Le résultat moyen est 10 sur 20
Statistiques - réponses
Indices Réponses % Correct
Quel numéro de département porte l'Ardèche ? 07
99%
Quel est le chef-lieu départemental ? Privas
96%
Quelle ville est la plus peuplée ? Annonay
88%
Quel fleuve y prend naissance ? Loire
84%
Quel est le fruit dont la culture, en France, est faite à plus de 50 % en Ardèche ? Chataîgne
82%
Quel fleuve marque la limite avec le département de la Drôme ? Rhône
82%
En 1783, qui a permis le premier vol d'un être humain dans un ballon à air chaud ? Frères Montgolfier
73%
Quel site, découvert en 1994, abrite pas moins de 447 peintures et gravures animales datant de l'Aurignacien ? Grotte Chauvet
71%
Combien de gares pour voyageurs existe-t-il en Ardèche depuis 1973 ? 0
70%
Quel auteur et chanteur de chansons à texte est mort en 2010 à Aubenas Jean Ferrat
61%
Quel est le plus haut sommet intégralement situé sur le territoire ? Mont Gerbier-de-Jonc
48%
Quel festival musical créé en 2008 est aujourd'hui l'un des plus importants du sud de la France ? Aluna Festival
43%
Quel village est le point de départ officiel de la descente des gorges de l'Ardèche ? Vallon-Pont-d'Arc
43%
De quelle ancienne région l'Ardèche est-elle quasiment intégralement issue ? Vivarais
40%
Comment se nomme le chant traditionnel de référence de l'Ardèche ? L'Ardecha
28%
Quel parc zoologique ouvert en 1974 a pour particularité de pouvoir être en grande partie visitable en voiture ? Safari de Peaugres
22%
Au domaine du Pradel, ferme-modèle, quelle culture Olivier de Serre créa-t-il, qui constituera une manne pour le département ? Sériciculture
8%
Au XVe siècle, comment a été renommée Bergoïata, en hommage à un martyr condamné à mort par Septime Sévère ? Bourg-Saint-Andéol
2%
Quel apéritif est un mélange de sirop ou liqueur de chataîgne et de vin blanc ? Castagnou
2%
À Andance, quelle imposante ruine romaine est un ancien mausolée ? Sarrazinière
0%
Aucun quiz correspondant
Distribution des résultats
% des personnes avec chaque résultat
Percentile par nombre de réponses
Votre historique - résultats
Vous n’avez pas pris ce quiz